| 000 | 00377nam a2200145Ia 4500 | ||
|---|---|---|---|
| 008 | 260514s2025 xx 000 0 und d | ||
| 041 | _aeng | ||
| 082 | _bM-3769 | ||
| 100 | _aDR.SUDITA DAS | ||
| 245 | _aEXPERIMENTAL BOOK ON PHARMACEUTICS -I | ||
| 260 |
_aPUNE _bEVEREST PUBLISHER HOUSE _c2025 |
||
| 300 | _aP.B./86 | ||
| 650 | _aPHARMACEUTICS | ||
| 700 | _aMS. DEBATRI ROY | ||
| 999 |
_c1221624 _d1221624 |
||